000 00892nam a2200217Ii 4500
003 JO-AjNU
008 230605s9999||||xx |||||||||||||| ||und||
017 _a2004/20350
020 _a977-0404639-4
040 _aJO-AjNU
_bara
_erda
_cJO-AjNU
041 _aara
050 1 4 _aHF1411.M37.2005
100 3 _aالمراكبي،السيد عبد المنعم,
_eauthor
_932538
245 0 0 _aالتجارة الدولية وسيادة الدولة:دراسة لاهم التغيرات التي لحقت سيادة الدولة في ظل تنامي التجارة الدولية
264 3 1 _aالقاهرة:دار النهضة العربية؛2005
300 _a474ص
_bيحتوي على ببلوغرافية من ص448-474ص
336 _atext
_btxt
_2rdacontent
337 _aunmediated
_bn
_2rdamedia
338 _avolume
_bnc
_2rdacarrier
650 4 _aالتجارة الدولية
_932539
999 _aA13147
_c16715
_d16715